000 00493nam a22001817a 4500
003 NUST - PNEC
005 20170116180804.0
008 150421b xxu||||| |||| 00| 0 eng d
040 _cLIBRARY
082 _a153.42 BOG
100 _92871
_aBogardus, Emory S.
245 _aThe development of Social thought
_cEmory S. Bogardus
250 _a4th ed.
260 _aNew York:
_bLongmans, Green and Co.,
300 _a689 p. :
_c22 cm.
650 _92873
_aSchology
_xGeneral
942 _2ddc
_cBK
999 _c63138
_d63138